ARRUPE JESUIT UNIVERSITY

CORONAVIRUS -STOP THE SPREAD - CLEAN,DISINFECT,COVER

The mission : (Record no. 128181)

MARC details
000 -LEADER
fixed length control field 01120pam a2200277 a 4500
001 - CONTROL NUMBER
control field 565603
003 - CONTROL NUMBER IDENTIFIER
control field ARRUPE
005 - DATE AND TIME OF LATEST TRANSACTION
control field 20180919120818.0
008 - FIXED-LENGTH DATA ELEMENTS--GENERAL INFORMATION
fixed length control field 890725s1989 nyua b 001 0beng
010 ## - LIBRARY OF CONGRESS CONTROL NUMBER
LC control number 89038238
020 ## - INTERNATIONAL STANDARD BOOK NUMBER
International Standard Book Number 0312039921 :
Terms of availability $24.95 (est.)
040 ## - CATALOGING SOURCE
Original cataloging agency DLC
Transcribing agency DLC
Modifying agency DLC
043 ## - GEOGRAPHIC AREA CODE
Geographic area code f-et---
050 00 - LIBRARY OF CONGRESS CALL NUMBER
Classification number DT387.7
Item number .L63 1993
082 00 - DEWEY DECIMAL CLASSIFICATION NUMBER
Classification number 963/.054/092
-- B
Edition number 20
300 ## - PHYSICAL DESCRIPTION
Other physical details ill. ;
Dimensions 23 cm.
100 1# - MAIN ENTRY--PERSONAL NAME
Personal name Lockot, Hans Wilhelm.
9 (RLIN) 42302
245 14 - TITLE STATEMENT
Title The mission :
Remainder of title the life, reign, and character of Haile Sellassie I /
Statement of responsibility, etc Hans Wilhelm Lockot.
260 ## - PUBLICATION, DISTRIBUTION, ETC. (IMPRINT)
Place of publication, distribution, etc New York :
Name of publisher, distributor, etc St. Martin's Press,
Date of publication, distribution, etc 1989.
300 ## - PHYSICAL DESCRIPTION
Extent vi, 167 p. :
504 ## - BIBLIOGRAPHY, ETC. NOTE
Bibliography, etc Includes bibliographical references and index.
600 00 - SUBJECT ADDED ENTRY--PERSONAL NAME
Personal name Haile Selassie
Numeration I,
Titles and other words associated with a name Emperor of Ethiopia,
Dates associated with a name 1892-1975.
9 (RLIN) 5352
651 #0 - SUBJECT ADDED ENTRY--GEOGRAPHIC NAME
Geographic name Ethiopia
General subdivision Kings and rulers
-- Biography.
9 (RLIN) 42303
700 0# - ADDED ENTRY--PERSONAL NAME
Personal name Haile Selassie
Numeration I,
Titles and other words associated with a name Emperor of Ethiopia,
Dates associated with a name 1892-1975.
9 (RLIN) 5352
906 ## - LOCAL DATA ELEMENT F, LDF (RLIN)
a 7
b cbc
c orignew
d 1
e ocip
f 19
g y-gencatlg
942 ## - ADDED ENTRY ELEMENTS (KOHA)
Source of classification or shelving scheme Library of Congress Classification
Koha item type Monograph ( Printed materials)
Holdings
Withdrawn status Lost status Source of classification or shelving scheme Damaged status Not for loan Collection code Home library Current library Shelving location Date acquired Total Checkouts Full call number Barcode Date last seen Price effective from Koha item type
    Library of Congress Classification     Main Collection ARRUPE LIBRARY ARRUPE LIBRARY Main Collection 19/09/2018   DT387.7 .L63 1993 46600002065 19/09/2018 19/09/2018 Monograph ( Printed materials)

 

Arrupe Library. PO Box MP320 Mt Pleasant, Harare, Zimbabwe
263 242 745411|librarian@aju.ac.zw